US Territory Capitals Quiz - Statistics

General Stats
  • This quiz has been taken 68 times
  • The average score is 4 of 5
Answer Stats
Hint Answer % Correct
Puerto Rico San Juan
100%
American Samoa Pago Pago
92%
US Virgin Islands Charlotte Amalie
78%
Guam Hagåtña
78%
Northern Mariana Islands Saipan
68%
No matching quizzes found
Score Distribution
Percent of People with Each Score
Percentile by Number Answered
Your Score History
You have not taken this quiz